<?xml version="1.0" encoding="UTF-8"?>
<record
    xmlns:xsi="http://www.w3.org/2001/XMLSchema-instance"
    xsi:schemaLocation="http://www.loc.gov/MARC21/slim http://www.loc.gov/standards/marcxml/schema/MARC21slim.xsd"
    xmlns="http://www.loc.gov/MARC21/slim">

  <leader>02809cam a22003498a 4500</leader>
  <controlfield tag="001">16314999</controlfield>
  <controlfield tag="005">20110518161844.0</controlfield>
  <controlfield tag="008">100705s2010    vtu           001 0 eng  </controlfield>
  <datafield tag="010" ind1=" " ind2=" ">
    <subfield code="a">  2010026830</subfield>
  </datafield>
  <datafield tag="020" ind1=" " ind2=" ">
    <subfield code="a">1409402878</subfield>
  </datafield>
  <datafield tag="020" ind1=" " ind2=" ">
    <subfield code="a">9781409402879</subfield>
  </datafield>
  <datafield tag="040" ind1=" " ind2=" ">
    <subfield code="a">DLC</subfield>
    <subfield code="c">DLC</subfield>
  </datafield>
  <datafield tag="050" ind1="0" ind2="0">
    <subfield code="a">HQ1170</subfield>
    <subfield code="b">.M8466 2010</subfield>
  </datafield>
  <datafield tag="082" ind1="0" ind2="0">
    <subfield code="a">305.697091821</subfield>
    <subfield code="2">22</subfield>
    <subfield code="b">MUS</subfield>
  </datafield>
  <datafield tag="245" ind1="0" ind2="0">
    <subfield code="a">Muslim Diaspora in the West :</subfield>
    <subfield code="b">Negotiating Gender, Home and Belonging /</subfield>
    <subfield code="c">Edited by Haideh Moghissi and Halleh Ghorashi.</subfield>
  </datafield>
  <datafield tag="260" ind1=" " ind2=" ">
    <subfield code="a">Burlington, VT :</subfield>
    <subfield code="b">Ashgate, 2010</subfield>
    <subfield code="c">2010.</subfield>
  </datafield>
  <datafield tag="300" ind1=" " ind2=" ">
    <subfield code="a">222 p. ;</subfield>
    <subfield code="c">24 cm.</subfield>
  </datafield>
  <datafield tag="490" ind1="0" ind2=" ">
    <subfield code="a">Research in migration and ethnic relations series</subfield>
    <subfield code="9">24319</subfield>
  </datafield>
  <datafield tag="500" ind1=" " ind2=" ">
    <subfield code="a">Includes index.</subfield>
  </datafield>
  <datafield tag="505" ind1="0" ind2=" ">
    <subfield code="a">Introduction / Haideh Moghissi -- Culturalist approach of women's emancipation in the Netherlands / Halleh Ghorashi -- Globalization and women's leadership in the Muslim diaspora : an intersectional analysis / Fauzia Erfan Ahmed -- Emergence of a transnational Muslim feminist consciousness among women in the WENAAZ (Western Europe, North America, Australia &amp; New Zealand) context / Cassandra Balchin -- Multiculturalism and religious legislation in Sweden / Anne Sofie Roald -- Iranian immigrant in Britain / Vida Nassehi-Behnam -- Changing spousal relations in diaspora : Muslims in Canada / Haideh Moghissi -- Sexing diaspora : negotiating sexuality in shifting cultural landscape / Fataneh Farahani -- Styles of religious practice : Muslim youth cultures in Europe / Thijl Sunier -- The struggle to stay on the middle ground : on the radicalization of young Muslims in Europe / David Thurfjell -- Young French women of Muslim descent : discriminatory social context and politicization / Sepideh Farkhondeh -- Making homes in turbulent times : Moroccan-Dutch Muslims contesting dominant discourses of belonging / Marjo Buitelaar &amp; Femke Stock -- Understanding Dutch Islam : exploring the relationship between Muslims, the state and public sphere in the Netherlands / Martijn de Koning -- Between Iraq and a hard place : Iraqis in diaspora / Jacqueline Ismael and Shereen Ismael -- Conclusion / Halleh Ghorashi.</subfield>
  </datafield>
  <datafield tag="650" ind1=" " ind2="0">
    <subfield code="a">Muslim women</subfield>
    <subfield code="z">Western countries.</subfield>
    <subfield code="9">24320</subfield>
  </datafield>
  <datafield tag="650" ind1=" " ind2="0">
    <subfield code="a">Muslim families</subfield>
    <subfield code="z">Western countries.</subfield>
    <subfield code="9">24321</subfield>
  </datafield>
  <datafield tag="650" ind1=" " ind2="0">
    <subfield code="a">Muslim diaspora.</subfield>
    <subfield code="9">24322</subfield>
  </datafield>
  <datafield tag="650" ind1=" " ind2="0">
    <subfield code="a">Islam</subfield>
    <subfield code="x">Customs and practices.</subfield>
    <subfield code="9">24323</subfield>
  </datafield>
  <datafield tag="650" ind1=" " ind2="0">
    <subfield code="a">Multiculturalism.</subfield>
    <subfield code="9">24324</subfield>
  </datafield>
  <datafield tag="653" ind1=" " ind2=" ">
    <subfield code="b">Pol</subfield>
    <subfield code="c">May2011</subfield>
  </datafield>
  <datafield tag="700" ind1="1" ind2=" ">
    <subfield code="a">Moghissi, Haideh,</subfield>
    <subfield code="d">1944-</subfield>
    <subfield code="e">edt</subfield>
    <subfield code="9">24325</subfield>
  </datafield>
  <datafield tag="700" ind1="1" ind2=" ">
    <subfield code="a">Ghorashi, Halleh.</subfield>
    <subfield code="e">edt</subfield>
    <subfield code="9">24326</subfield>
  </datafield>
  <datafield tag="942" ind1=" " ind2=" ">
    <subfield code="2">ddc</subfield>
    <subfield code="c">ARCH</subfield>
  </datafield>
  <datafield tag="999" ind1=" " ind2=" ">
    <subfield code="c">15445</subfield>
    <subfield code="d">15445</subfield>
  </datafield>
  <datafield tag="952" ind1=" " ind2=" ">
    <subfield code="0">0</subfield>
    <subfield code="1">0</subfield>
    <subfield code="2">ddc</subfield>
    <subfield code="4">0</subfield>
    <subfield code="7">0</subfield>
    <subfield code="8">Baccah</subfield>
    <subfield code="a">MAIN</subfield>
    <subfield code="b">MAIN</subfield>
    <subfield code="c">1ST</subfield>
    <subfield code="d">2011-05-29</subfield>
    <subfield code="e">purchase</subfield>
    <subfield code="g">715.00</subfield>
    <subfield code="h">12337</subfield>
    <subfield code="l">4</subfield>
    <subfield code="m">63</subfield>
    <subfield code="o">305.697091821 MUS</subfield>
    <subfield code="p">000023770</subfield>
    <subfield code="r">2025-07-15 00:00:00</subfield>
    <subfield code="s">2019-11-03</subfield>
    <subfield code="y">BB</subfield>
  </datafield>
</record>
